00520nam a2200157Ia 4500001000500000003000500005005001700010008004100027010001100068040000900079100007500088245012600163260003500289300001900324650001900343Z_43CHAP20220920194140.0220113s1987 xx 000 0 und d a163009 cCHAP aGroupement National Interprofessionnel des Semences et Plants. París aLes graminées fourragéres á gros rendement mais de courte dureé: les ray-grass d' italie et hybrides /cpar GNIS aParis :bLe Groupement,c1987 a12 p. : tablas aLolium perenne